Compendio de historia de Panamá /
שמור ב:
| מחבר ראשי: | |
|---|---|
| מחברים אחרים: | |
| פורמט: | ספר |
| שפה: | ספרדית |
| סדרה: | (Historia. Información General)
|
| נושאים: | |
| תגים: |
אין תגיות, היה/י הראשונ/ה לתייג את הרשומה!
|
MARC
| LEADER | 00000nam^a2200000^a^4500 | ||
|---|---|---|---|
| 001 | 000180777 | ||
| 005 | 20250521000000.0 | ||
| 009 | 20260310101909.221 | ||
| 037 | |a Acervo ITESO - Biblioteca | ||
| 041 | |a ESP | ||
| 082 | |a 972. 87 |b SOS | ||
| 100 | |a Sosa, Juan B. |e (autor) | ||
| 245 | 1 | 0 | |a Compendio de historia de Panamá / |c J.B. Sosa, E.J. Arce ; prelim. de Carlos Manuel Gasteazoro. |
| 264 | |a Panamá, Panamá : |b Universidad de Panamá, |c ca. 1971 | ||
| 300 | |a 322 p. | ||
| 336 | |a texto |b txt |2 rdacontenido | ||
| 337 | |a sin mediación |b n |2 rdamedio | ||
| 338 | |a volumen |b nc |2 rdasoporte | ||
| 440 | 1 | |a (Historia. |p Información General) | |
| 534 | |a Reproducción facsimilar de la edición original de 1911, publicada por la Casa Editorial del Diario de Panamá Morales and Rodríguez en Panamá | ||
| 649 | |a XX | ||
| 650 | |a Panamá - |x Historia | ||
| 700 | |a Arce, Enrique J. |e (autor) | ||
| 910 | |a Fondo General | ||
| 920 | |a Impresos - Libros | ||
| 930 | |a Colección General | ||
| 905 | |a 101 | ||
| 901 | |a 0500120005 |b IT1 |c ACC |u 20250521 | ||
| 902 | |a https://opac.biblio.iteso.mx/vufind/Record/000180777 | ||